Harry Potter 'B' People Places and Things Quiz Stats

 Plays Quiz not verified by Sporcle

Challenge
Share
Tweet
Embed
Score 0/25 Timer 03:00
0 Plays Today
Hint Answer % Correct
Monster in the Chamber of SecretsBasilisk
92.9%
History of Magic ProfessorBinns
92.1%
Name of Hippogriff Who is Sentenced to DeathBuckbeak
92.1%
Country for Which Viktor Krum Plays SeekerBulgaria
90.7%
Name of Weasley HomeBurrow
90%
Animal Symbol of Hufflepuff HouseBadger
87.1%
'The Noble and Most Ancient House of (blank)'Black
85%
Academy of Magic located in South of FranceBeauxbatons
85%
Ron Weasley's Middle NameBilius
82.9%
Sytherin Female Whom Hermione Attempts to Turn IntoBulstrode
82.1%
Head of Dept of Magical Games and SportsBagman
80%
Name of Dark Objects Shop in Knockturn AlleyBorgin & Burke's
76.4%
Muggle Studies ProfessorBurbage
75%
Hint Answer % Correct
Muggle Gardner for the Riddle HouseBryce
74.3%
Stone Taken From the Stomach of a Goat, Antidote to Most PoisonsBezoar
74.3%
Aunt of Gellert GrindlewaldBagshot
72.1%
Hex at which Ginny Excels, Witnessed by SlughornBat-Bogey Hex
70.7%
Charm Used by Fleur and Cedric to Breathe in the Black LakeBubble-Head Charm
67.9%
First name of Ministry Employee Who Went Missing in AlbaniaBertha
66.4%
Form Ernie MacMillan's Patronus TakesBoar
60.7%
Small Waterproof Flames Hermione Excels At, Can Be Scooped and Carried in JarBluebell
44.3%
Magical Plant, Produces Pus Used to Treat AcneBubotuber
41.4%
Head of Department of Magical Law EnforcementBones
40%
Wood of Wand Ron Steals From SnatchersBlackthorn
30%
Author of Advanced Potion-MakingBorage
20%

You're not logged in!

Compare scores with friends on all Sporcle quizzes.
Join for Free
OR
Log In

You Might Also Like...

Show Comments

Extras

Created Jan 25, 2016ReportNominate
Tags:Harry Potter Quiz

Top Quizzes Today


Score Distribution

Your Account Isn't Verified!

In order to create a playlist on Sporcle, you need to verify the email address you used during registration. Go to your Sporcle Settings to finish the process.

Report this User

Report this user for behavior that violates our Community Guidelines.

Details: